000 01301nam a22003737a 4500
003 CHAP
005 20220329141457.0
008 971013s1981 r 00010 d
010 _a68783
011 _a69755
035 _a79233
040 _cCHAP
090 _aTesis
100 0 0 _aCetina Alcalá, Víctor Manuel.
_921655
245 _aContribución a la biología, ecología de las tuzas en la Estación Experimental Zoquiapan
260 _aChapingo, Méx. :
_bEl autor,
_c1981
300 _a100 h.
_b: ilus., gráfs.; mapas
502 _aTesis (Ing. Agrónomo Esp. en Bosques) -- UACH. Departamento de Bosques
590 _aALEPH
_b10
_c20130110
_lUCH01
_h1406
590 _aBATCH-UPD
_b10
_c20130110
_lUCH01
_h0111
590 _aBATCH-UPD
_b10
_c20130110
_lUCH01
_h2113
590 _aBATCH-UPD
_b10
_c20130409
_lUCH01
_h2102
590 _aBATCH-UPD
_b10
_c20130410
_lUCH01
_h1424
590 _aBATCH-UPD
_b10
_c20130914
_lUCH01
_h0927
590 _aCONVERSION
_b10
_c20130109
_lUCH01
_h1338
650 1 4 _aTuzas.
_9115712
700 0 _aChávez Olayo, David.
_922745
901 _aBK
942 _cFOLL
949 _bBC
_cTES
_d-32116
_eTS1
_i79233
_si
949 _bBC
_cTES
_d-96634
_eTS2
_fc.2
_i79233
_si
949 _bBC
_cTES
_d-96635
_eTS2
_fc.3
_h21813
_i79233
_si
949 _bZA
_cTES
_d-5289
_eTS1
_i79233
_si
999 _c68783
_d68783